<?xml version="1.0" encoding="UTF-8"?>
<collection xmlns="http://www.loc.gov/MARC21/slim">
<record>
  <controlfield tag="001">126210</controlfield>
  <controlfield tag="005">20230525153329.0</controlfield>
  <datafield tag="024" ind1="8" ind2=" ">
    <subfield code="2">sideral</subfield>
    <subfield code="a">124865</subfield>
  </datafield>
  <datafield tag="037" ind1=" " ind2=" ">
    <subfield code="a">ART-2021-124865</subfield>
  </datafield>
  <datafield tag="041" ind1=" " ind2=" ">
    <subfield code="a">spa</subfield>
  </datafield>
  <datafield tag="100" ind1=" " ind2=" ">
    <subfield code="a">Martín García, Jorge</subfield>
    <subfield code="u">Universidad de Zaragoza</subfield>
    <subfield code="0">(orcid)0000-0002-2247-0826</subfield>
  </datafield>
  <datafield tag="245" ind1=" " ind2=" ">
    <subfield code="a">Actividades no formales como estrategia para abordar el currículo de Física y Química.  El Concurso de Cristalización en la Escuela</subfield>
  </datafield>
  <datafield tag="260" ind1=" " ind2=" ">
    <subfield code="c">2021</subfield>
  </datafield>
  <datafield tag="520" ind1="3" ind2=" ">
    <subfield code="a">Las enseñanzas no formales constituyen hoy un magnífico complemento a la educación científica que ofrece la escuela. En esta línea, este trabajo presenta un análisis de los contenidos curriculares de Física y Química que se pueden abordar a través de la participación en una actividad científica no formal como el Concurso de Cristalización en la Escuela. Los resultados muestran cómo la metodología que le caracteriza permite, no sólo trabajar y afianzar contenidos concretos, sino también ofrecer a los estudiantes una visión más adecuada de la naturaleza de la ciencia, contribuyendo a su alfabetización científica.

Non-formal education is nowadays recognized as a useful complement to the scientific education that is offered in the school. In this context, this paper presents a brief analysis of the Spanish national curriculum contents for the subjects of Physics and Chemistry, that may be covered while participating in a scientific out-of-school activity, a crystal-growing contest named Concurso de Cristalización en la Escuela (CCE). Results show that the methodology followed in the contest allows teachers to introduce some curricular contents and to present a more accurate view of the nature of science, supporting their students’ scientific literacy.</subfield>
  </datafield>
  <datafield tag="506" ind1="0" ind2=" ">
    <subfield code="a">Access copy available to the general public</subfield>
    <subfield code="f">Unrestricted</subfield>
  </datafield>
  <datafield tag="536" ind1=" " ind2=" ">
    <subfield code="9">info:eu-repo/grantAgreement/ES/DGA-IIU/796-2019</subfield>
    <subfield code="9">info:eu-repo/grantAgreement/ES/MINECO/EDU2016-76743-P</subfield>
    <subfield code="9">info:eu-repo/grantAgreement/ES/UZ/BEAGLE research group</subfield>
    <subfield code="9">info:eu-repo/grantAgreement/ES/UZ/PIIDUZ-19-468</subfield>
  </datafield>
  <datafield tag="540" ind1=" " ind2=" ">
    <subfield code="9">info:eu-repo/semantics/openAccess</subfield>
    <subfield code="a">by-nc-sa</subfield>
    <subfield code="u">http://creativecommons.org/licenses/by-nc-sa/3.0/es/</subfield>
  </datafield>
  <datafield tag="655" ind1=" " ind2="4">
    <subfield code="a">info:eu-repo/semantics/article</subfield>
    <subfield code="v">info:eu-repo/semantics/publishedVersion</subfield>
  </datafield>
  <datafield tag="700" ind1=" " ind2=" ">
    <subfield code="a">Dies Álvarez, María Eugenia</subfield>
    <subfield code="u">Universidad de Zaragoza</subfield>
    <subfield code="0">(orcid)0000-0002-6594-3021</subfield>
  </datafield>
  <datafield tag="710" ind1="2" ind2=" ">
    <subfield code="1">4013</subfield>
    <subfield code="2">205</subfield>
    <subfield code="a">Universidad de Zaragoza</subfield>
    <subfield code="b">Dpto. Didácticas Específicas</subfield>
    <subfield code="c">Área Didáctica Ciencias Exper.</subfield>
  </datafield>
  <datafield tag="773" ind1=" " ind2=" ">
    <subfield code="g">117, 3 (2021), 240-245</subfield>
    <subfield code="t">Anales de Química. Revista de la Real Sociedad Española de Química</subfield>
    <subfield code="x">1575¿3417</subfield>
  </datafield>
  <datafield tag="856" ind1="4" ind2="1">
    <subfield code="u">https://analesdequimica.es/index.php/AnalesQuimica/article/view/1659/2265</subfield>
    <subfield code="z">Texto completo de la revista</subfield>
  </datafield>
  <datafield tag="856" ind1="4" ind2=" ">
    <subfield code="s">1996730</subfield>
    <subfield code="u">http://zaguan.unizar.es/record/126210/files/texto_completo.pdf</subfield>
    <subfield code="y">Versión publicada</subfield>
  </datafield>
  <datafield tag="856" ind1="4" ind2=" ">
    <subfield code="s">2719260</subfield>
    <subfield code="u">http://zaguan.unizar.es/record/126210/files/texto_completo.jpg?subformat=icon</subfield>
    <subfield code="x">icon</subfield>
    <subfield code="y">Versión publicada</subfield>
  </datafield>
  <datafield tag="909" ind1="C" ind2="O">
    <subfield code="o">oai:zaguan.unizar.es:126210</subfield>
    <subfield code="p">articulos</subfield>
    <subfield code="p">driver</subfield>
  </datafield>
  <datafield tag="951" ind1=" " ind2=" ">
    <subfield code="a">2023-05-25-14:25:31</subfield>
  </datafield>
  <datafield tag="980" ind1=" " ind2=" ">
    <subfield code="a">ARTICLE</subfield>
  </datafield>
</record>
</collection>